Normal view
MARC view
- Ahsan, Khawaja
Entry Personal Name
001 - CONTROL NUMBER
- control field: 118091
003 - CONTROL NUMBER IDENTIFIER
- control field: NUST
005 - DATE AND TIME OF LATEST TRANSACTION
- control field: 20230923111726.0
008 - FIXED-LENGTH DATA ELEMENTS
- fixed length control field: 230923|| aca||aabn | a|a d
040 ## - CATALOGING SOURCE
- Original cataloging agency: NUST
- Transcribing agency: NUST
100 ## - HEADING--PERSONAL NAME
- Personal name: Ahsan, Khawaja
670 ## - SOURCE DATA FOUND
- Source citation: Work cat.: (NUST): Ahsan, Khawaja , IED Jammer for ISM Band /
